000 01089nam a22002772 4500
001 0000005210
005 20151217151956.0
008 070608s xx 000 0 eng d
020 _a0072375795 :
040 _aKABU
_cKABU
050 0 _aTK5105.875
_b.I57G74 1999 Suppl.
100 1 _aGreenlaw, Raymond.
_@0000156368
245 1 0 _aStudent solutions manual to accompany In-line/on-line :
_bfundamentals of the internet and the World Wide Web /
_cRobert Greenlaw, Ellen Epp.
246 3 _aIn-line/on-line
246 3 _aStudent solutions manual for use with In-line/on-line
260 _aBoston :
_bMcGraw-Hill,
_cc1999.
300 _ax, 154 p. ;
_c24 cm.
650 _aInternet
650 0 _aWorld wide web (Information retrieval system)
_@0000151347
700 1 _aHepp, Ellen.
_@0000156369
908 _a070608
950 _@1
999 _c6915
_d6915